| 000 | 00797nam a2200253 i 4500 | ||
|---|---|---|---|
| 001 | bgj | ||
| 100 | 1 | _aBIRKHEAD, Mike | |
| 245 | 1 | 0 |
_aThe Falcon over the Town / _ctext and photographs by Mike Birkhead ; Oxford Scientific Films. |
| 260 |
_aMilwaukee : _bGareth Stevens Publishing, _c1988. |
||
| 300 |
_a32 pp : _bphotos ; _c25 cm. |
||
| 490 | 1 | _aAnimal Habitats | |
| 505 | _aText and photographs depict kestrels feeding, breeding and defending themselves in their natural habitats. | ||
| 650 | 9 | _aKestrels | |
| 650 | 9 | _aFalcons | |
| 655 | _aJuvenile literature | ||
| 710 | p | 0 | _aOxford Scientific Films |
| 830 | _aAnimal Habitats | ||
| 020 | _a1555323049 | ||
| 040 | _cBPK | ||
| 041 | 0 | _aeng | |
| 920 | _a1-55532-304-9 | ||
| 942 | _cKS | ||
| 008 | s uk f |000 0 eng | ||
| 999 |
_c47406 _d47406 |
||
| 856 |
_uhttp://koha.tu.koszalin.pl/cgi-bin/koha/opac-detail.pl?biblionumber=47406 _yKatalog online BPK |
||